Every Stevie Wonder Song on the Billboard Hot 100 - Statistics

General Stats
  • This quiz has been taken 137 times
    104 since last reset
  • The average score is 15 of 63
Answer Stats
# Year Song % Correct
1 1973 Superstition
92%
1 1977 Sir Duke
79%
1 1984 I Just Called To Say I Love You
71%
1 1977 I Wish
69%
36 1978 As
61%
1 1973 You Are The Sunshine Of My Life
56%
4 1973 Higher Ground
55%
1 1982 Ebony And Ivory (Paul McCartney)
53%
1 1963 Fingertips - Pt 2
52%
5 1980 Master Blaster (Jammin')
52%
1 1985 Part-Time Lover
48%
2 1968 For Once In My Life
44%
8 1974 Living For The City
44%
4 1969 My Cherie Amour
42%
3 1970 Signed, Sealed, Delivered I'm Yours
40%
1 1986 That's What Friends Are For (Dionne Warwick) ft. Gladys Knight & Elton John
40%
3 1966 Uptight (Everything's Alright)
39%
24 1986 Overjoyed
35%
54 1982 Ribbon In The Sky
34%
3 1975 Boogie On Reggae Woman
31%
64 1981 Lately
31%
16 1974 Don't You Worry 'Bout A Thing
30%
2 1967 I Was Made To Love Her
30%
1 1974 You Haven't Done Nothin
29%
13 1982 Do I Do
26%
32 1977 Another Star
21%
9 1966 A Place In The Sun
21%
7 1969 Yester-Me, Yester-You, Yesterday
21%
4 1979 Send One Your Love
19%
13 1971 We Can Work It Out
17%
4 1982 That Girl
16%
8 1971 If You Really Love Me
14%
33 1972 Superwoman (Where Were You When I Needed You)
14%
9 1966 Blowin In The Wind
13%
90 1967 Hey Love
12%
11 1981 I Ain't Gonna Stand For It
12%
17 1985 Love Light In Flight
10%
19 1987 Skeletons
9%
80 1988 Get It ft. Michael Jackson
8%
35 1968 You Met Your Match
8%
29 1964 Hey Harmonica Man
6%
33 1963 Workout Stevie, Workout
6%
53 1995 For Your Love
5%
10 1986 Go Home
5%
9 1970 Heaven Help Us All
5%
39 1969 I Don't Know Why
5%
86 1986 Land Of La La
5%
26 1970 Never Had A Dream Come True
5%
20 1966 Nothing's Too Good For My Baby
5%
59 1979 Pops, We Love You (A Tribute To Father) (Diana Ross, Marvin Gaye & Smokey Robinson)
5%
46 1982 Used To Be (Charlene)
5%
77 1988 You Will Know
5%
52 1964 Castles In The Sand
4%
12 1967 I'm Wondering
4%
78 1971 Never Dreamed You'd Leave In Summer
4%
96 2005 So What The Fuss
4%
92 1991 Gotta Have You (From "Jungle Fever")
3%
90 1972 Keep On Running
3%
9 1968 Shoo-Be-Doo-Be-Doo-Da-Day
3%
80 1988 My Love (Julio Iglesias)
1%
52 1980 Outside My Window
1%
32 1967 Travlin' Man
1%
59 1965 High Heel Sneakers
0%
No matching quizzes found
Score Distribution
Percent of People with Each Score
Percentile by Number Answered
Your Score History
You have not taken this quiz since the last reset